| 000 | 00363nam a22001577a 4500 | ||
|---|---|---|---|
| 003 | SGT | ||
| 020 | _a978-81-265-3031-1 | ||
| 082 |
_a746.9 _bCHU |
||
| 100 | _aCHUTER, A.J. | ||
| 245 | _aINTRODUCATION CLOTHING PRODUCTION MANAGEMENT | ||
| 250 | _a2ND | ||
| 260 |
_aINDIA _bWILLEY _c2011 |
||
| 300 | _a189 | ||
| 650 | _a PRODUCTION MANAGEMENT | ||
| 942 |
_2ddc _cBK _04 |
||
| 999 |
_c9946 _d9946 |
||